000 00316 a2200109 4500
001 ART_52812
005 20260410161633.0
008 260409a
245 1 0 _aLas nuevas formas de trabajo: su gestión y costos
100 1 _aSmolje, Alejandro R.
773 0 _tEnfoques
_g- N°5 (mayo 2021)
_wREV416
999 _c12660
_d12660